Countries Taller than the United States - Statistics

General Stats
  • This quiz has been taken 1,260 times
    1,171 since last reset
  • The average score is 11 of 14
Answer Stats
Elevation (m) Country % Correct
8,848 China
97%
8,848 Nepal
95%
8,586 India
92%
7,570 Bhutan
84%
8,611 Pakistan
82%
6,893 Chile
80%
6,960 Argentina
74%
6,768 Peru
73%
7,492 Afghanistan
70%
6,542 Bolivia
65%
7,495 Tajikistan
65%
6,267 Ecuador
63%
7,010 Kazakhstan
63%
7,439 Kyrgyzstan
63%
No matching quizzes found
Score Distribution
Percent of People with Each Score
Percentile by Number Answered
Your Score History
You have not taken this quiz since the last reset